| 000 | 00982nam a22002535a 4500 | ||
|---|---|---|---|
| 005 | 20170108123216.0 | ||
| 008 | 170108s2006 ii fr 000 0 eng d | ||
| 020 | _a9788180618062 | ||
| 040 |
_aEG-ScBUE _beng _cEG-ScBUE _dEG-ScBUE |
||
| 082 | 0 | 4 |
_222 _bCHA _a617.693 |
| 100 | 1 | _aChandra, Satish. | |
| 245 | 1 | 0 |
_aMCQs in oral and maxillofacial surgery with explanations for PG dental and entrance examinations : _balso for BDS & MDS professional examinations / _cSatish Chandra, Shaleen Chandra, Girish Chandra. |
| 250 | _a1st ed. | ||
| 260 |
_aNew Delhi : _bJaypee Brothers Medical Publishers, _c2006. |
||
| 300 |
_axii, 153 p. ; _c24 cm. |
||
| 650 | 0 |
_2BUEsh _aMouth _xSurgery _xExaminations, questions, etc. |
|
| 650 | 0 |
_aFace _xSurgery _xExaminations, questions, etc. _2BUEsh |
|
| 650 | 0 |
_aMaxilla _xSurgery _xExaminations, questions, etc. _2BUEsh |
|
| 651 | _2BUEsh | ||
| 653 |
_bDDent _cJanuary2017 |
||
| 700 | 1 | _aChandra, Shaleen. | |
| 700 | 1 | _aChandra, Girish. | |
| 942 | _2ddc | ||
| 999 |
_c23864 _d23836 |
||